000 00483nam a2200181Ia 4500
001 17880
005 20260306171549.0
008 260306s9999||||xx |||||||||||||| ||und||
041 _aESP
082 _a658.3
_bCH548 2011
100 _aChiavenato, Idalberto
_eAUT
245 0 _aAdministración de recursos humanos:
_bel capital humano de las organizaciones
260 _c2011
300 _a421 páginas :
_c27 cm.
650 _aGEN
654 _aCAN
942 _cLIB
_dJUS
_fJUS
_2ddc
_n
999 _c17880
_d17880